[Event "GRE-chT 41st"]
[Site "Achaia"]
[Date "2013.07.02"]
[Round "1.4"]
[White "Vazouras, Theodoros"]
[Black "Papadimitriou, Athanasios"]
[Result "0-1"]
[WhiteElo "1890"]
[BlackElo "2232"]
[PlyCount "74"]
[EventDate "2013.07.02"]
[EventType "team-swiss"]
[EventRounds "7"]
[EventCountry "GRE"]
[SourceTitle "CBM 155 Extra"]
[Source "ChessBase"]
[SourceDate "2013.08.26"]
[SourceVersion "1"]
[SourceVersionDate "2013.08.26"]
[SourceQuality "1"]
[WhiteTeam "Ikarias Tzelepis"]
[BlackTeam "Thessaloniki HS"]
[WhiteTeamCountry "GRE"]
[BlackTeamCountry "GRE"]

1. d4 d5 2. c4 dxc4 3. Nf3 Nf6 4. e3 g6 5. Bxc4 Bg7 6. Ne5 0-0 7. Qb3 Qe8 8. Nc3 Nfd7 9. Nxf7 Rxf7 10. Bxf7+ Qxf7 11. Nd5 Na6 12. Nxe7+ Kf8 13. Qxf7+ Kxf7 14. Nxc8 Rxc8 15. Bd2 c5 16. Rc1 Nb6 17. 0-0 cxd4 18. exd4 Bxd4 19. Rxc8 Nxc8 20. Be3 Bxe3 21. fxe3+ Ke7 22. a3 Nd6 23. Rc1 b6 24. b4 Kd7 25. Kf2 Nc7 26. h4 h6 27. g4 b5 28. h5 g5 29. a4 bxa4 30. Kf3 a3 31. e4 Ncb5 32. e5 Nd4+ 33. Ke3 Nb3 34. Rd1 a2 35. Rxd6+ Ke7 36. Ra6 a1Q 37. Rxa1 Nxa1 0-1

[Event "GRE-chT 36th"]
[Site "Kallithea"]
[Date "2008.07.09"]
[Round "6.9"]
[White "Zubarev, Alexander2222"]
[Black "Vazouras, Theodoros"]
[Result "1-0"]
[WhiteElo "2517"]
[BlackElo "1912"]
[PlyCount "43"]
[EventDate "2008.07.06"]
[EventType "team-tourn"]
[EventRounds "7"]
[EventCountry "GRE"]
[SourceTitle "CBM 125 Extra"]
[Source "ChessBase"]
[SourceDate "2008.09.01"]
[SourceVersion "1"]
[SourceVersionDate "2008.09.01"]
[SourceQuality "1"]

1. e4 c6 2. d4 d5 3. exd5 cxd5 4. c4 Nf6 5. Nc3 g6 6. cxd5 Nxd5 7. Bc4 Nxc3 8. Qb3 e6 9. bxc3 Nc6 10. Nf3 Bd7 11. Bd3 h6 12. 0-0 Be7 13. Re1 Kf8 14. Qxb7 Rb8 15. Qa6 Rb6 16. Qa4 Ne5 17. Qd1 Nxd3 18. Qxd3 Bb5 19. c4 Ba6 20. Ba3 Bxa3 21. Qxa3+ Kg7 22. c5 1-0

[Event "Patron CC-ch"]
[Site "Greece"]
[Date "2008.01.05"]
[Round "5"]
[White "Malafouris, Dionisios"]
[Black "Vazouras, Theodoros"]
[Result "0-1"]
[WhiteElo "1525"]
[BlackElo "1911"]
[PlyCount "76"]
[EventDate "2008.01.02"]
[EventType "swiss"]
[EventRounds "7"]
[EventCountry "GRE"]
[SourceTitle "EXT 2010"]
[Source "ChessBase"]
[SourceDate "2010.11.25"]
[SourceVersion "1"]
[SourceVersionDate "2010.11.25"]
[SourceQuality "1"]

1. e4 e5 2. Nf3 Nc6 3. Bc4 Bc5 4. b4 Bxb4 5. c3 Be7 6. d4 Nh6 7. 0-0 d6 8. Bb5 0-0 9. Bxc6 bxc6 10. dxe5 Ng4 11. exd6 cxd6 12. h3 Nf6 13. Nbd2 Ba6 14. Re1 Qc7 15. Nb3 Nd7 16. Bf4 Ne5 17. Bxe5 dxe5 18. Qc2 Rfd8 19. Rad1 Bc4 20. Rd2 Rxd2 21. Nfxd2 Be6 22. Re3 Rd8 23. Rd3 g6 24. c4 a5 25. Nf3 Rxd3 26. Qxd3 a4 27. Nbd2 Qa5 28. Qe3 Kg7 29. h4 f6 30. Qd3 Qb4 31. Qc2 a3 32. Ne1 Qb2 33. g3 Bb4 34. Ndf3 Qa1 35. Kf1 Bh3+ 36. Ke2 Bg4 37. Qd1 Qxd1+ 38. Kxd1 Bxe1 0-1

[Event "Patron CC-ch"]
[Site "Greece"]
[Date "2008.01.04"]
[Round "4"]
[White "Stamatopoulos, Apostolos"]
[Black "Vazouras, Theodoros"]
[Result "0-1"]
[WhiteElo "1015"]
[BlackElo "1911"]
[PlyCount "74"]
[EventDate "2008.01.02"]
[EventType "swiss"]
[EventRounds "7"]
[EventCountry "GRE"]
[SourceTitle "EXT 2010"]
[Source "ChessBase"]
[SourceDate "2010.11.25"]
[SourceVersion "1"]
[SourceVersionDate "2010.11.25"]
[SourceQuality "1"]

1. d4 Nf6 2. c4 c5 3. d5 b5 4. cxb5 a6 5. e3 e6 6. Nc3 exd5 7. Nxd5 Bb7 8. Nxf6+ Qxf6 9. Nf3 Be7 10. Be2 0-0 11. 0-0 d5 12. bxa6 Nxa6 13. a3 Rfd8 14. Rb1 Bd6 15. g3 Bc7 16. Bd2 h6 17. Bc3 Qe6 18. Nh4 d4 19. exd4 cxd4 20. Bxd4 Bb6 21. Bg4 Qc4 22. Bxb6 Rxd1 23. Bxd1 Qc6 24. Bf3 Qxb6 25. Bxb7 Qxb7 26. b4 Nc7 27. Ra1 Ne6 28. f4 Nd4 29. Ra2 Qe4 30. Rff2 Rc8 31. Ra1 g5 32. fxg5 hxg5 33. Ng2 Nf3+ 34. Kh1 g4 35. b5 Kg7 36. a4 Rh8 37. h4 gxh3 0-1

[Event "Patron CC-ch"]
[Site "Greece"]
[Date "2008.01.02"]
[Round "1"]
[White "Vazouras, Theodoros"]
[Black "Halkiopoulos, Alexios"]
[Result "1-0"]
[WhiteElo "1911"]
[BlackElo "1005"]
[PlyCount "63"]
[EventDate "2008.01.02"]
[EventType "swiss"]
[EventRounds "7"]
[EventCountry "GRE"]
[SourceTitle "EXT 2010"]
[Source "ChessBase"]
[SourceDate "2010.11.25"]
[SourceVersion "1"]
[SourceVersionDate "2010.11.25"]
[SourceQuality "1"]

1. e4 c6 2. d4 d5 3. e5 Bf5 4. Nf3 e6 5. Be2 Be7 6. 0-0 Nd7 7. b3 Qc7 8. c4 dxc4 9. bxc4 0-0-0 10. Qa4 Kb8 11. Bf4 Nb6 12. Qb3 h6 13. a4 g5 14. Be3 c5 15. a5 Na8 16. Nc3 g4 17. Nb5 Qc6 18. a6 b6 19. Ne1 h5 20. Nd3 Be4 21. f3 gxf3 22. Bxf3 Bxf3 23. Rxf3 Rh7 24. Nf4 Bg5 25. d5 exd5 26. cxd5 Qe8 27. e6 fxe6 28. Nxe6 Bxe3+ 29. Rxe3 Re7 30. Rae1 Rdd7 31. d6 Rxe6 32. Rxe6 1-0

[Event "Pirgou Sphlios op 2nd"]
[Site "Greece"]
[Date "2007.08.17"]
[Round "4"]
[White "Latsinos, Theofanis"]
[Black "Vazouras, Theodoros"]
[Result "0-1"]
[WhiteElo "1375"]
[BlackElo "1820"]
[PlyCount "84"]
[EventDate "2007.08.16"]
[EventType "swiss"]
[EventRounds "7"]
[EventCountry "GRE"]
[SourceTitle "EXT 2008"]
[Source "ChessBase"]
[SourceDate "2007.11.25"]
[SourceVersion "1"]
[SourceVersionDate "2007.11.25"]
[SourceQuality "1"]

1. e4 e5 2. Nf3 Nc6 3. Bb5 a6 4. Ba4 Nf6 5. 0-0 Be7 6. Re1 b5 7. Bb3 d6 8. c3 0-0 9. h3 Na5 10. Bc2 c5 11. d4 Qc7 12. Nbd2 Bd7 13. Nf1 cxd4 14. cxd4 Rac8 15. Ne3 Rfd8 16. d5 b4 17. Bd3 Qb6 18. a3 b3 19. a4 Nb7 20. Nc4 Rxc4 21. Bxc4 Nc5 22. Bd3 Rb8 23. Be3 a5 24. Nd2 Qb4 25. Bxc5 dxc5 26. Nc4 Bxa4 27. Nxe5 Be8 28. Nc4 Bb5 29. Na3 c4 30. Nxb5 Qxb5 31. Bf1 Bb4 32. Re3 Nd7 33. Rxb3 Ne5 34. Qd4 f6 35. d6 a4 36. Rg3 Kh8 37. d7 Rd8 38. Qa7 a3 39. bxa3 Bc5 40. Qc7 Bb6 41. Qd6 Qb2 42. Qe7 Qxf2+ 0-1

[Event "Pyrgos Spilios Dimitris op 1st"]
[Site "Pyrgos"]
[Date "2006.08.18"]
[Round "2"]
[White "Vazouras, Theodoros"]
[Black "Pappelis, Dimitrios"]
[Result "1-0"]
[WhiteElo "1880"]
[BlackElo "1385"]
[PlyCount "81"]
[EventDate "2006.08.18"]
[EventType "swiss"]
[EventRounds "6"]
[EventCountry "GRE"]
[SourceTitle "EXT 2024"]
[Source "ChessBase"]
[SourceDate "2023.10.10"]
[SourceVersion "1"]
[SourceVersionDate "2023.10.10"]
[SourceQuality "1"]

1. e4 c5 2. Nf3 Nc6 3. d4 cxd4 4. Nxd4 g6 5. c4 Nf6 6. Nc3 d6 7. Be2 Bg7 8. Be3 Nxd4 9. Bxd4 0-0 10. 0-0 Be6 11. f3 a6 12. Qd2 Rb8 13. Qe3 Re8 14. Bb6 Qc8 15. Rac1 Nd7 16. Ba7 Ra8 17. Bd4 Bxd4 18. Qxd4 Qc5 19. Qxc5 dxc5 20. f4 Nf8 21. Nd5 Bxd5 22. cxd5 Nd7 23. e5 Rad8 24. Bg4 b6 25. Rfd1 f5 26. Be2 Nb8 27. Bf3 Rd7 28. Rd2 Nc6 29. Be2 Nb4 30. a3 Nxd5 31. Bxa6 Red8 32. Bb5 Rc7 33. b4 Kf7 34. bxc5 Rxc5 35. Rxc5 bxc5 36. e6+ Kxe6 37. Bc4 Rd6 38. a4 Kd7 39. Rxd5 Rxd5 40. Bxd5 e6 41. Bc4 1-0

[Event "Korinthos op 7th"]
[Site "Korinthos"]
[Date "2004.07.27"]
[Round "6"]
[White "Vazouras, Theodoros"]
[Black "Sigalas, Frangiskos"]
[Result "1-0"]
[WhiteElo "2029"]
[BlackElo "2277"]
[PlyCount "61"]
[EventDate "2004.07.22"]
[EventType "swiss"]
[EventRounds "9"]
[EventCountry "GRE"]
[SourceTitle "CBM 101 Extra"]
[Source "ChessBase"]
[SourceDate "2004.09.01"]
[SourceVersion "2"]
[SourceVersionDate "2004.09.01"]
[SourceQuality "1"]

1. e4 e6 2. d4 d5 3. Nc3 Bb4 4. Nge2 Nc6 5. a3 Ba5 6. e5 f6 7. Nf4 g6 8. Bb5 fxe5 9. dxe5 Nge7 10. b4 Bb6 11. Na4 0-0 12. Nxb6 axb6 13. Nd3 Nd4 14. Ba4 Bd7 15. Bxd7 Qxd7 16. c3 Ndc6 17. Bg5 Rf5 18. f4 Rf7 19. g4 Kg7 20. Bf6+ Kf8 21. h4 Ng8 22. g5 Nce7 23. h5 Qc6 24. Kd2 Nf5 25. hxg6 hxg6 26. Qf3 Qc4 27. Rh8 d4 28. Rc1 Rxa3 29. Qxb7 dxc3+ 30. Ke1 Re7 31. Qb8+ 1-0

[Event "Patras op"]
[Site "Patras"]
[Date "2002.08.08"]
[Round "9.14"]
[White "Vazouras, Theodoros"]
[Black "Kagas, Konstantinos"]
[Result "0-1"]
[WhiteElo "1935"]
[BlackElo "2131"]
[PlyCount "134"]
[EventDate "2002.08.??"]
[EventType "swiss"]
[EventRounds "9"]
[EventCountry "GRE"]
[SourceTitle "CBM 089 Extra"]
[Source "ChessBase"]
[SourceDate "2002.09.10"]
[SourceVersion "2"]
[SourceVersionDate "2002.09.10"]
[SourceQuality "1"]

1. Nf3 g6 2. c4 c5 3. Nc3 Bg7 4. g3 Nc6 5. Bg2 Nf6 6. Rb1 0-0 7. 0-0 d5 8. cxd5 Nxd5 9. a3 Bf5 10. d3 Nxc3 11. bxc3 Rb8 12. c4 Qd7 13. Re1 Nd4 14. Bf4 Nxf3+ 15. Bxf3 e5 16. Be3 b6 17. Qc2 Rfe8 18. a4 Qe7 19. Bc6 Bd7 20. Bd5 Qd6 21. Bd2 Be6 22. Bg2 Bd7 23. Bc3 Bc6 24. a5 Bxg2 25. Kxg2 Qc6+ 26. f3 Bh6 27. Rb5 Be3 28. axb6 axb6 29. Reb1 Bg5 30. Qb2 Re6 31. Bxe5 Rbe8 32. e4 Rxe5 33. Rxb6 Qd7 34. f4 Bxf4 35. gxf4 Qg4+ 36. Kh1 Qxf4 37. Qg2 Qe3 38. Qg3 Qd2 39. Rb8 Kg7 40. Rxe8 Rxe8 41. Rf1 Re7 42. Qd6 Qg5 43. Qd5 Qe3 44. Qd6 Re6 45. Qd7 Rf6 46. Rxf6 Kxf6 47. Qd6+ Kg5 48. Qd5+ Kf6 49. Qd6+ Kg5 50. Qd5+ Kf6 51. Qd6+ Kg7 52. e5 Qf2 53. h3 h5 54. Qd5 h4 55. Qe4 Qg3 56. Qe2 Qxh3+ 57. Kg1 Qg3+ 58. Kh1 h3 59. Qe4 h2 60. Qg2 Qxe5 61. Qf3 g5 62. Kg2 Qf4 63. Qe2 g4 64. Qb2+ Kh7 65. Qc2 g3 66. d4+ Kg8 67. d5 h1Q+ 0-1

[Event "Patras op"]
[Site "Patras"]
[Date "2002.08.07"]
[Round "8.26"]
[White "Vazouras, Theodoros"]
[Black "Polizou, Dionisia"]
[Result "1-0"]
[WhiteElo "1935"]
[BlackElo "1660"]
[PlyCount "58"]
[EventDate "2002.08.??"]
[EventType "swiss"]
[EventRounds "9"]
[EventCountry "GRE"]
[SourceTitle "CBM 089 Extra"]
[Source "ChessBase"]
[SourceDate "2002.09.10"]
[SourceVersion "2"]
[SourceVersionDate "2002.09.10"]
[SourceQuality "1"]

1. Nf3 d5 2. c4 e6 3. b3 Nf6 4. Bb2 Nbd7 5. g3 c6 6. Bg2 Bd6 7. 0-0 0-0 8. d4 Rb8 9. Nc3 b6 10. a3 Bb7 11. cxd5 Nxd5 12. Ne4 Be7 13. Ned2 c5 14. e4 Nc7 15. Re1 cxd4 16. Nxd4 Nc5 17. Nc4 Qe8 18. Rc1 b5 19. Na5 e5 20. Nxb7 Rxb7 21. Nf5 f6 22. b4 N5e6 23. Qb3 Qf7 24. Bh3 Ng5 25. Nxe7+ Kh8 26. Qxf7 Rxf7 27. Red1 Ne8 28. Bd7 Nxe4 29. Bxe8 Rfxe7 1-0

[Event "Patras op"]
[Site "Patras"]
[Date "2002.08.06"]
[Round "7.16"]
[White "Koukoufikis, Georgios"]
[Black "Vazouras, Theodoros"]
[Result "1-0"]
[WhiteElo "2142"]
[BlackElo "1935"]
[PlyCount "109"]
[EventDate "2002.08.??"]
[EventType "swiss"]
[EventRounds "9"]
[EventCountry "GRE"]
[SourceTitle "CBM 089 Extra"]
[Source "ChessBase"]
[SourceDate "2002.09.10"]
[SourceVersion "2"]
[SourceVersionDate "2002.09.10"]
[SourceQuality "1"]

1. g3 g6 2. Bg2 Bg7 3. d3 d6 4. e4 e5 5. Ne2 Ne7 6. 0-0 0-0 7. f4 c6 8. Kh1 Be6 9. h3 f5 10. Nd2 Qd7 11. Kh2 Na6 12. c3 Nc5 13. Qc2 fxe4 14. Nxe4 Nxe4 15. dxe4 Bc4 16. Rd1 Qc7 17. Ng1 exf4 18. Bxf4 Be5 19. Bxe5 dxe5 20. b3 Be6 21. Rd2 c5 22. Rad1 Rad8 23. Nf3 Nc6 24. Rxd8 Rxd8 25. Ng5 Rxd1 26. Qxd1 Qd7 27. Qc1 Kg7 28. Qe3 b6 29. Bf1 h6 30. Nxe6+ Qxe6 31. Bc4 Qd7 32. Qf2 Nd8 33. Bd5 Nf7 34. Qf1 Ng5 35. h4 Nh7 36. Qd3 Nf6 37. Kg2 h5 38. b4 cxb4 39. cxb4 Qc7 40. a3 Qc1 41. Qa6 Qd2+ 42. Kf1 Qd1+ 43. Kg2 Ng4 44. Qxa7+ Kh6 45. Qf7 Ne3+ 46. Kf2 Qd2+ 47. Kf3 Nxd5 48. Qxd5 Qc3+ 49. Kf2 Qb2+ 50. Kf1 Qc1+ 51. Ke2 Qb2+ 52. Qd2+ Qxd2+ 53. Kxd2 b5 54. Kc3 g5 55. Kb3 1-0

[Event "Patras op"]
[Site "Patras"]
[Date "2002.08.04"]
[Round "5.15"]
[White "Tzintzios, Georgios"]
[Black "Vazouras, Theodoros"]
[Result "0-1"]
[WhiteElo "2195"]
[BlackElo "1935"]
[PlyCount "64"]
[EventDate "2002.08.??"]
[EventType "swiss"]
[EventRounds "9"]
[EventCountry "GRE"]
[SourceTitle "CBM 089 Extra"]
[Source "ChessBase"]
[SourceDate "2002.09.10"]
[SourceVersion "2"]
[SourceVersionDate "2002.09.10"]
[SourceQuality "1"]

1. Nf3 Nf6 2. c4 c5 3. g3 g6 4. Bg2 Bg7 5. Nc3 Nc6 6. a3 0-0 7. 0-0 d5 8. cxd5 Nxd5 9. Nxd5 Qxd5 10. d3 Qh5 11. h4 Bg4 12. Rb1 Rfd8 13. Qb3 Rab8 14. Ng5 c4 15. Qxc4 Ne5 16. Qb3 Bxe2 17. Bf4 Rxd3 18. Qa2 e6 19. Rfe1 h6 20. Rxe2 Qxe2 21. Bf1 Rd1 22. Rxd1 Qxd1 23. Nxe6 Nf3+ 24. Kg2 Re8 25. Nxg7 Kxg7 26. Be3 Rxe3 27. fxe3 Nd2 28. Bd3 Qf3+ 29. Kh2 Qf2+ 30. Kh3 Nf3 31. Bxg6 Ng1+ 32. Kg4 Qf3# 0-1

[Event "Patras op"]
[Site "Patras"]
[Date "2002.08.02"]
[Round "3.28"]
[White "Fourfouris, Nikos"]
[Black "Vazouras, Theodoros"]
[Result "0-1"]
[WhiteElo "1575"]
[BlackElo "1935"]
[PlyCount "126"]
[EventDate "2002.08.??"]
[EventType "swiss"]
[EventRounds "9"]
[EventCountry "GRE"]
[SourceTitle "CBM 089 Extra"]
[Source "ChessBase"]
[SourceDate "2002.09.10"]
[SourceVersion "2"]
[SourceVersionDate "2002.09.10"]
[SourceQuality "1"]

1. d4 Nf6 2. Nf3 e6 3. c4 b6 4. e3 Bb7 5. Bd3 d6 6. Nc3 Nbd7 7. 0-0 Be7 8. Qe2 c5 9. Rd1 a6 10. e4 cxd4 11. Nxd4 0-0 12. Bg5 Ne5 13. Rac1 Nxd3 14. Qxd3 Qc7 15. Nde2 Rfd8 16. f3 Rac8 17. Na4 Bc6 18. Nac3 h6 19. Bxf6 Bxf6 20. Nd5 exd5 21. cxd5 Bb5 22. Rxc7 Bxd3 23. Rxc8 Rxc8 24. Rxd3 Bxb2 25. Rd2 Bf6 26. Kf1 Rc4 27. Ke1 b5 28. Kd1 Kf8 29. Rc2 Rxc2 30. Kxc2 Ke7 31. Kb3 a5 32. Nc1 Be5 33. g3 g6 34. Kc2 Bd4 35. Nb3 Bb6 36. Kd3 f5 37. Nc1 Bg1 38. h3 Bf2 39. Ne2 fxe4+ 40. Kxe4 Kf6 41. f4 b4 42. g4 a4 43. Kd3 h5 44. Kc4 Bc5 45. Nd4 b3 46. axb3 a3 47. Nc2 a2 48. b4 Be3 49. b5 Bxf4 50. b6 Be3 51. b7 Ba7 52. Kb5 hxg4 53. hxg4 Kg5 54. Kc6 Bb8 55. Kd7 Kxg4 56. Kc8 Ba7 57. Kc7 Kf4 58. Kxd6 g5 59. Kc7 g4 60. d6 g3 61. d7 g2 62. d8Q g1Q 63. Qd6+ Kf3 0-1

[Event "Patras op"]
[Site "Patras"]
[Date "2002.08.01"]
[Round "1.36"]
[White "Pavlatos, Nikiforos"]
[Black "Vazouras, Theodoros"]
[Result "0-1"]
[WhiteElo "1290"]
[BlackElo "1935"]
[PlyCount "60"]
[EventDate "2002.08.??"]
[EventType "swiss"]
[EventRounds "9"]
[EventCountry "GRE"]
[SourceTitle "CBM 089 Extra"]
[Source "ChessBase"]
[SourceDate "2002.09.10"]
[SourceVersion "2"]
[SourceVersionDate "2002.09.10"]
[SourceQuality "1"]

1. e4 c5 2. Nf3 Nc6 3. d4 cxd4 4. Nxd4 Nf6 5. f3 Qb6 6. c3 d5 7. Nxc6 bxc6 8. e5 Nd7 9. f4 e6 10. Qb3 Qa5 11. Be3 Rb8 12. Qc2 c5 13. Kf2 Be7 14. b3 0-0 15. c4 d4 16. Bd2 Qc7 17. Bd3 f5 18. Na3 a6 19. Rhg1 Nxe5 20. fxe5 Qxe5 21. Rae1 Qxh2 22. Qc1 Bh4+ 23. Ke2 e5 24. Ref1 Bb7 25. Bxf5 Bxg2 26. Be6+ Kh8 27. Rxf8+ Rxf8 28. Kd3 e4+ 29. Kc2 e3 30. Ba5 Be4+ 0-1